000 00261nam a2200109Ia 4500
008 131103s9999 xx 000 0 und d
040 _aLoreto College
041 _aEnglish
100 _amassimo salvadori
245 _athe american economic system
942 _cBK
999 _c36767
_d87246